| 000 | 00000cam 2200000zi 4500 |
| 001 | 9.960083 |
| 003 | CaOODSP |
| 005 | 20260512150553 |
| 006 | m o d f |
| 007 | cr cn |||||||| |
| 008 | 260217t20262026oncb obs f000 0 eng d |
| 020 | |a9780660985053 |
| 040 | |aCaOODSP|beng|erda|cCaOODSP |
| 043 | |an-cn--- |
| 086 | 1 |aA59-129/2026E-PDF |
| 100 | 1 |aYang, J. Y., |eauthor. |
| 245 | 10|aIndicator of the risk of water contamination by nitrogen. |
| 264 | 1|a[Ottawa] : |bAgriculture and Agri-Food Canada = Agriculture et agroalimentaire Canada, |c[2026] |
| 264 | 4|c©2026 |
| 300 | |a1 online resource (i, 20 pages) : |bmaps |
| 336 | |atext|btxt|2rdacontent |
| 337 | |acomputer|bc|2rdamedia |
| 338 | |aonline resource|bcr|2rdacarrier |
| 500 | |aIssued also in French under title: Indicateur du risque de contamination de l'eau par l'azote. |
| 500 | |a"Agri-environmental indicators report." |
| 500 | |a"The environmental sustainability of Canadian agriculture, census year 2021." |
| 500 | |a"Agri-environmental indicators report, census year 2021"--Verso of cover. |
| 500 | |a"Status: national coverage, 1981 to 2021"--Verso of cover. |
| 500 | |a"Authors: J.Y. Yang, C.F, Drury and J.G. Liu"--Verso of cover. |
| 500 | |a"AAFC no.: 13350E"--Verso of cover. |
| 650 | 0|aWater|xPollution|zCanada. |
| 650 | 0|aNitrogen in agriculture|xEnvironmental aspects|zCanada. |
| 650 | 0|aNitrogen in agriculture|zCanada.|vStatistics. |
| 655 | 7|aStatistics|2lcgft |
| 710 | 1 |aCanada. |bAgriculture and Agri-Food Canada, |eissuing body. |
| 775 | 08|tIndicateur du risque de contamination de l'eau par l'azote.|w(CaOODSP)9.960082 |
| 856 | 40|qPDF|s742 KB|uhttps://publications.gc.ca/collections/collection_2026/aac-aafc/A59-129-2026-eng.pdf |
| 986 | |a13350E |